000 00351nam a2200133Ia 4500
005 20260328101456.0
008 260328s9999||||xx |||||||||||||| ||und||
100 _aAsensio Cerver, Francisco
245 0 _aEl Gran Libro de las cajas /
_cFrancisco Asensio Cerver
260 _bEvergreen
300 _a319 p.
650 _aDISEÑO INDUSTRIAL
942 _cBK
999 _c8845
_d8845